| 000 | 00473nam a2200181Ia 4500 | ||
|---|---|---|---|
| 008 | 230524s9999 xx 000 0 und d | ||
| 020 | _a9789381141328 | ||
| 082 |
_a515 _bSID |
||
| 100 |
_aA.H.Siddiqi _942959 |
||
| 245 | 0 | _aCalculus with Applications | |
| 250 | _a1 | ||
| 260 |
_aNew Delhi _bI.K.International _c2012 |
||
| 300 | _a"XIII,591p;" | ||
| 500 | _aQuantity Number: 1 | ||
| 650 | _aMathamatics | ||
| 700 |
_aPammy Manchanda & M.Brokate _942960 |
||
| 942 | _cBK | ||
| 999 |
_c57918 _d57918 |
||